Culture Générale - Clic Quiz - La réponse est en emoji par IA #12 - Statistiques

Statistiques générales
  • Ce quiz a été pris 286 fois
  • Le résultat moyen est 17 sur 40
Statistiques - réponses
Hint Réponse % Correct
Johnny Depp
92%
Serge Gainsbourg
86%
Patrick Bruel
85%
Kevin De Bruyne
77%
Jean-Marie Bigard
77%
Ray Charles
72%
Felipe VI
68%
Samuel L Jackson
67%
François Fillon
66%
Pep Guardiola
61%
Alberto Contador
56%
Jack Lang
54%
Alfred Hitchcock
54%
Peter Sagan
51%
Miroslav Klose
51%
Randy Orton
47%
Francisco Franco
47%
Roberto Benigni
45%
Alessandro Del Piero
45%
Matt Groening
42%
Jonny Wilkinson
39%
Danny DeVito
37%
Brock Lesnar
37%
Robert Redford
34%
Michael Scott
34%
Paul Newman
30%
Mahmoud Ahmadinejad
29%
Danny Glover
28%
Jean-Claude Juncker
25%
Khas-Magomed Kadyrov
25%
Mohammad Reza Pahlavi
23%
Jeremy Irons
19%
Chris Isaak
18%
Jonathan Davis
16%
Sir Arthur Conan Doyle
15%
Giancarlo Esposito
14%
Tommy Gunn
11%
Ian Fleming
11%
Tom Waits
11%
Andrzej Duda
10%
Aucun quiz correspondant
Distribution des résultats
% des personnes avec chaque résultat
Percentile par nombre de réponses
Votre historique - résultats
Vous n’avez pas pris ce quiz